header

Applied urban ecology (Record no. 129950)

MARC details
000 -LEADER
fixed length control field 01643nam a2200385 a 4500
082 04 - DEWEY DECIMAL CLASSIFICATION NUMBER
Classification number 577.5/6
245 00 - TITLE STATEMENT
Title Applied urban ecology
260 ## - PUBLICATION, DISTRIBUTION, ETC. (IMPRINT)
Place of publication Chichester, West Sussex ;
-- Hoboken, N.J. :
Name of publisher Wiley-Blackwell,
Year of publication 2012.
300 ## - PHYSICAL DESCRIPTION
Number of Pages xiv, 219 p. :
Other physical details ill., maps.
505 0# - FORMATTED CONTENTS NOTE
Formatted contents note pt. 1. Introduction -- pt. 2. Urban ecology : related disciplines and methods -- pt. 3. Selected fields of urban ecology -- pt. 4. Synthesis.
650 #0 - SUBJECT ADDED ENTRY--TOPICAL TERM
Topical Term Urban ecology (Biology)
Topical Term Applied ecology.
700 1# - ADDED ENTRY--PERSONAL NAME
Personal name Richter, Matthias,
Personal name Weiland, Ulrike.
856 40 - ELECTRONIC LOCATION AND ACCESS
Uniform Resource Identifier http://site.ebrary.com/lib/rucke/Doc?id=10494688

No items available.

© 2026 Rongo University
Contact us: librarian | system librarian | Rongo university